| 000 | 00605nam a2200217Ia 4500 | ||
|---|---|---|---|
| 003 | OSt | ||
| 005 | 20220107122745.0 | ||
| 008 | 130318s9999 xx 000 0 und d | ||
| 020 | _a9788126532407 | ||
| 040 | _cIIITM-K | ||
| 082 | _a620.0042 OMU/A | ||
| 100 |
_aOmura, George _95124 |
||
| 245 |
_aMastering AutoCAD 2012 and AutoCAD LT 2012 _cby George Omura; Rick Graham |
||
| 260 |
_bWiley, _aNew Delhi, _c2012. |
||
| 300 |
_axxviii, 1123p. _e1 CD ROM |
||
| 650 |
_aCOMPUTER SCIENCE _95125 |
||
| 650 |
_aMULTIMEDIA _95126 |
||
| 650 |
_aAUTOCAD _95127 |
||
| 700 |
_aGraham, Rick _95128 |
||
| 942 |
_2ddc _cBK |
||
| 999 |
_c4146 _d4146 |
||